000 00648nam a2200277Ia 4500
005 20260324143707.0
008 008 260324s9999 xx 000 0 eng d
020 _a9780429503573
037 _aEBOOK
040 _aCRL
040 _beng
040 _cCRL
041 _2eng
041 _aeng
084 _qCRL
100 _aLynn Nadel; Daniel I. Stein
_91216579
245 0 _a1990 Lectures In Complex Systems
260 _bTaylor and Francis
260 _c1991
365 _a
365 _b240
856 _uhttp://www.taylorfrancis.com/books/9780429503573
942 _cEBOOK
999 _c1822282
_d1822282